Statistiken für Torschützenkönige in der Geschichte von Real Madrid

Klicken Sie hier um das Quiz zu spielen!

Allgemein

  • Dieses Quiz wurde 103 mal gespielt
  • Das Durchschnittsergebnis liegt bei 5 aus 10

Antwortstatistiken

ToreNationalitätSpieler% Korrekt
450PortugalCristiano Ronaldo
100%
354FrankreichKarim Benzema
96%
323SpanienRaúl
70%
278Argentinien / SpanienAlfredo di Stéfano
64%
204Ungarn / SpanienFerenc Puskás
63%
199MexikoHugo Sánchez
43%
168SpanienEmilio Butragueño
22%
165SpanienPaco Gento
4%
267SpanienSantillana
2%
156SpanienPirri
1%

Verteilung der Resultate

Perzentil nach korrekt beantworteten Fragen

Anzahl Personen mit jedem Resultat

Ihre Resultats-Entwicklung

Sie haben dieses Quiz noch nicht gespielt